| 000 | 01492nam0a2200409 4500 | ||
|---|---|---|---|
| 001 | RU\NLR\bibl\355888 | ||
| 005 | 20250621155135.0 | ||
| 021 |
_aRU _b2002-52174 _92524 |
||
| 035 | _a(NLR Aleph) 000350542 | ||
| 090 |
_a273165 _c273165 |
||
| 100 | _a20021226d2002 |||y0rusy50 ca | ||
| 101 | 1 |
_arus _cfre |
|
| 102 | _aRU | ||
| 105 | _ay ||||||||| | ||
| 200 | 1 |
_aТрагедия Мэрилин Монро _e[Роман] _fС. Райнер _g[Пер. с фр. Лии Завьяловой] |
|
| 210 |
_aМ. _cБ.и. _d2002 |
||
| 215 |
_a64 с. _d29 |
||
| 225 | 1 |
_aЗарубежный роман _eЛит.-худож. журн. _v9(45) |
|
| 320 | _aНа 2-й с. обл. др. произведения авт. | ||
| 600 | 1 |
_aМонро _bМ. _f1926 - 1962 _gМэрилин _xв художественной литературе _91601387 _3RU\NLR\auth\661003239 |
|
| 610 | 0 | _aЖенщина в США (х. л.) | |
| 610 | 0 | _aАктеры в США (х. л.) | |
| 610 | 0 | _aКино в США (х. л.) | |
| 610 | 0 | _aСША, 20 в. (х. л.) | |
| 675 |
_a821.133.1-31Райнер _v3 _zrus |
||
| 686 |
_a17.82 _2rugasnti |
||
| 686 |
_a84(4Фра)-44 _2rubbk |
||
| 686 | _aШ6(4Фр)67-443{Лх 1649-53} | ||
| 686 | _aЩ374.3(7США)6-86 | ||
| 700 | 1 |
_aРайнер _bС. _f1921- _gСильвэн _4070 |
|
| 801 | 0 |
_aRU _bRKP _c20021226 _gPSBO |
|
| 801 | 1 |
_aRU _bRKP _c20021226 |
|
| 801 | 2 |
_aRU _bNLR _c20090121 _grcr |
|
| 852 |
_aNLR _jП35/716 |
||
| 942 | _cBOOK | ||
| 980 | _aNB | ||